| 000 | 00930nam a2200253 a 4500 | ||
|---|---|---|---|
| 005 | 20171031105955.0 | ||
| 008 | 140303s1999 -uka||||r|||| 00| 0 eng d | ||
| 020 | _a9978409343 | ||
| 040 |
_aCO-BoIAVH _cCO-BoIAVH |
||
| 041 | 0 | _aspa | |
| 044 | _a-uk | ||
| 082 | 0 | 4 |
_a581.634 _bB93e |
| 100 | 1 |
_aBuitrón C., Ximena _eautora |
|
| 245 | 1 | 0 |
_aEcuador : _buso y comercio de plantas medicinales, situación actual y aspectos importantes para su conservación / |
| 260 |
_aCambridge (Reino Unido) : _bTraffic International, _c1999. |
||
| 300 |
_a101, xvii páginas : _bilustraciones ; _c30 x 21 cm. |
||
| 650 | 2 | 6 |
_aBiodiversidad _zEcuador |
| 650 | 2 | 4 |
_aComercio de especies _zEcuador |
| 650 | 2 | 6 |
_aPlantas medicinales _zEcuador |
| 650 | 2 | 6 |
_aConservación de la diversidad biológica _zEcuador |
| 650 | 2 | 6 |
_aGestión ambiental _zEcuador |
| 651 | _aEcuador | ||
| 942 |
_cLIBRO _2ddc |
||
| 999 |
_c1859 _d1859 |
||